| 000 | 00702nam a2200229 a 4500 | ||
|---|---|---|---|
| 999 |
_c10548 _d10548 |
||
| 001 | 10548 | ||
| 003 | BD-JhCC | ||
| 005 | 20190710134007.0 | ||
| 008 | 180710s2017 xxu |||| |||| 000 0 ben d | ||
| 020 | _a9789849239482 | ||
| 035 | _a(BD-JhCC)10548 | ||
| 040 |
_aBD-JhCC _dBD-JhCC |
||
| 041 | _aben | ||
| 082 |
_a891.443 _bMAH 2017 |
||
| 100 | _aমাহমুদ, বশির | ||
| 245 |
_aস্মৃতিভ্রংশ / _cবশির মাহমুদ |
||
| 260 |
_aঢাকা : _bপ্রিয়মুখ, _c২০১৭. |
||
| 300 |
_a১২৭ পৃ. : _c২০ সেমি. |
||
| 650 | _aBengali Novel | ||
| 650 | _aবাংলা উপন্যাস | ||
| 942 |
_2ddc _cBK _01 |
||